000 00701nam a22002417a 4500
999 _c33757
_d33757
001 3045
003 CO-MdFUSB
005 20180622073129.0
008 180420t2000 sp ||||| |||| 00| 0 spa d
020 _a84-8260-072-9
040 _aCO-MdFUSB
_bspa
_cCO-MdFUSB
_dCO-MdFUSBC
_erda
041 0 _aspa
082 0 4 _aG 228 B2144p
100 1 _aBandera, Armando
_eautor
245 3 _aLa profecía del Apocalipsis
_c / Armando Bandera
264 4 _aSalamanca, España :
_bSan Esteban,
_c©2000
300 _a386 Pag
336 _2rdacontent
_atexto
_btxt
337 _2rdamedia
_asin mediación
_bn
338 _2rdacarrier
_avolumen
_bnc
653 _aBiblia N.T. - Apocalipsis - Comentarios
942 _cBK